[Event "Motorlet B - DDM A"]
[Site "?"]
[Date "2005.02.07"]
[Round "5.7"]
[White "Knapp, Petr"]
[Black "Hacaperka, Michal"]
[Result "0-1"]
[WhiteElo "1667"]
[BlackElo "1915"]
[PlyCount "136"]
[EventDate "2005.??.??"]

1. d4 Nf6 2. Nf3 d6 3. e3 g6 4. h3 $6 Bg7 5. Bd3 O-O 6. O-O Nc6 {
Nabizelo se i vice vyvinovych tahu, nevim, co je nejvhodnejsi.} 7. c3 e5 8.
Nbd2 Re8 9. e4 exd4 10. cxd4 Nh5 $6 {Chtel jsem umistit kone na f4, b4 a pak
na d3 s aktivitou, vyuzivajic zatim napadeneho pesce d4. Na druhou stranu se
jezdec vzdaluje z centra.} (10... Nb4 11. Bb1 c5 {bylo mozna lepsim resenim.})
11. Bb5 Bd7 12. Bxc6 $6 {Proc se vzdava dvojice strelcu?} Bxc6 13. d5 Bb5 14.
Re1 c5 ({zajimave je} 14... Nf4) 15. Qb3 Ba6 16. Nc4 Nf6 {
Jezdec na h5 uz nema smysl.} 17. Bg5 Qd7 18. Bxf6 {Vzdava se i druheho strelce.
} Bxf6 19. Rab1 $6 b5 $6 {
Chtel jsem vylakat jezdce na c6, tam menit a dobrat pesce.} 20. Na5 Qc7 21. Nc6
{Po tomto tahu jsem jistil, ze nejde zamyslene Sb7 pro ztratu pesce b5. Jezdec
na c6 tedy snadno menit nepujde a jeho umisteni kompenzuje dvojici strelcu.
Navic jeho aktivni umisteni umoznuje bilemu postup v centru.} Qb6 22. e5 ({
Bily mohl najit hezky prevod damy s komplikovanou hrou} 22. Qe3 Bb7 23. Qf4 {
a napr.} Bg7 24. Rbd1 Bxb2 25. e5 Bxc6 26. e6 fxe6 27. dxc6 Qxc6 28. Rxd6 Qc7 {
a cerny to snad prestoji, ale bily mozna mohl vytezit vice.}) 22... dxe5 23.
Ncxe5 $2 (23. Nfxe5 Bxe5 24. Nxe5 Qd6 25. Nc6 {a bily stoji trochu lepe.})
23... Qd6 $1 {Po tomto tahu je uz vyhoda v rukach cerneho.} 24. Nc6 c4 25.
Rxe8+ Rxe8 26. Qd1 Ra8 27. Qd2 Bb7 {Nakonec se stejne splnil sen cerneho.} 28.
Qb4 Qxb4 29. Nxb4 a5 30. Nc6 Bxc6 31. dxc6 Rc8 32. b3 c3 33. Rc1 Rxc6 34. Rc2
b4 {Tohle musi byt vyhrane.} 35. Kf1 Rd6 36. Ke2 Kf8 37. g3 Ke7 38. h4 h6 39.
Ne1 Kd7 40. Ng2 Kc6 41. Ne3 Kb5 42. Nc4 Rd4 43. Ne3 {neumoznuje obet kvality.}
(43. Rc1 Rxc4 44. bxc4+ Kxc4 $19) 43... Rd7 44. Nc4 a4 45. Ne3 Bg7 $3 {
Nyni mi zbyvalo 5 minut do konce partie a souper mi vzhledem k casu nabidl
remizu. Zdalo se mu, ze uz jen ustupuju strelcem, abych neco hral. Tah
strelcem ale ma svuj smysl.} 46. Nc4 Rc7 47. Ne3 axb3 48. axb3 Ra7 49. Nc4 Ra3
$6 (49... Ra1 {a bez rizika lze napadnout pesce b3 z b1. Obet kvality jsem
videl uz drive a pozice se mi dala jasne vyhrana...}) 50. Nd6+ (50. Nxa3+ $5 {
mi bylo ukazano po partii s tim, ze po vynucenem} bxa3 51. Kd1 Kb4 52. Kc1 Kxb3
53. Kb1 {je to remis, nebot cerny nemuze prosadit zadneho ze svych pescu,
protoze vez je na druhe rade udrzi. Ale pozice je (k me radosti) i tak
jednoduse vyhrana.} h5 $1 54. f3 ({nelze hrat vezi} 54. Re2 {pro} c2+ 55. Rxc2
Bb2 $3 $19) 54... f5 55. f4 Bd4 56. g4 {nebot nemuze hrat ani kralem, ani vezi.
} (56. Ka1 Kxc2 $19 ({nebo} 56... a2 {s matem ve 4.tahu.})) (56. Kc1 a2 $19) (
56. Re2 {uz bylo ukazano.} c2+ 57. Rxc2 Bb2 $3) 56... hxg4 57. h5 gxh5 58. Rb2+
{jeste mala patova lecka.} Kc4 59. Rc2 h4 $19) 50... Kc5 {kral muze zaujmout
aktivni postaveni v centru, protoze strelec nestoji na f6, viz poznamka k 45.
tahu.} 51. Nxf7 Rxb3 52. Kd3 Ra3 53. Nd8 Ra6 54. Nb7+ Kc6 55. Kc4 (55. Nd8+ Kb5
) 55... Kxb7 56. Kxb4 Rb6+ 57. Kc4 Rb2 58. Kd3 Rxc2 59. Kxc2 Kc6 60. Kd3 Kd5
61. f4 Bf6 62. h5 gxh5 63. Kc2 Kc4 64. g4 hxg4 65. f5 g3 66. Kd1 g2 67. Kc1
g1=Q+ 68. Kc2 Qf2+ {a bily se vzdal.} 0-1

[Event "DDM A - Praga D"]
[Site "?"]
[Date "2005.02.17"]
[Round "6.1"]
[White "Stross, Frantisek"]
[Black "Zacek, Zdenek"]
[Result "1-0"]
[WhiteElo "2276"]
[BlackElo "2195"]
[Annotator "Frantisek Stross"]
[PlyCount "53"]
[EventDate "2005.??.??"]

1. e4 c5 2. Nc3 g6 3. Nf3 Bg7 4. d4 cxd4 5. Nxd4 d6 6. Be3 Nf6 7. f3 Nc6 8. Qd2
Bd7 9. Bc4 Ne5 10. Bb3 Rc8 11. O-O-O Nc4 12. Bxc4 Rxc4 13. g4 Qc8 $6 14. h4 a6
$6 (14... b5 $5) 15. h5 b5 $2 ({Nutna byla} 15... O-O) 16. h6 {
Strategicky je partie rozhodnuta.} Bf8 17. Bg5 b4 18. Nd5 Nxd5 19. exd5 a5 ({
Aspon} 19... e5 {mel cerny zkusit, i kdyz po} 20. dxe6 fxe6 21. Bf6 Rg8 22.
Rhe1 {stoji hrozne.}) 20. Rhe1 Rc5 21. Qf4 $1 $18 Rxd5 22. Bxe7 Bxe7 23. Qf6
Be6 24. Qxh8+ Kd7 25. Qxc8+ Kxc8 26. Nxe6 fxe6 $2 (26... Rxd1+ 27. Kxd1 fxe6
28. Rxe6 Kd7 29. Rxe7+ $1 {Nejjednodussi.} Kxe7 30. f4 $18) 27. Rxd5 1-0

[Event "DDM A - Praga D"]
[Site "?"]
[Date "2005.02.17"]
[Round "6.3"]
[White "Hacaperkova, Lenka"]
[Black "Krischke, Arnold"]
[Result "1/2-1/2"]
[WhiteElo "1917"]
[BlackElo "2052"]
[Annotator "Hacaperkova"]
[PlyCount "126"]
[EventDate "2005.??.??"]

1. e4 c6 2. d4 d5 3. exd5 cxd5 4. Bd3 Nc6 5. c3 g6 6. h3 Bg7 7. Nf3 Bf5 8. Bxf5
gxf5 9. Bf4 Nf6 10. Nbd2 h5 11. Qc2 e6 12. Ne5 Ne4 13. Ndf3 Rg8 14. g3 Qb6 15.
Qb3 Nxe5 16. Nxe5 Qxb3 17. axb3 Bxe5 18. Bxe5 a6 19. h4 Ke7 20. Ke2 Rgc8 21.
Rac1 Rc6 22. f3 Nd6 23. Bxd6+ Kxd6 24. Rcg1 Rb6 25. Kd3 Rxb3 26. Kc2 Rb6 27. g4
fxg4 28. fxg4 Rh8 29. g5 Rc6 30. Rf1 Ke7 31. Rf6 Rcc8 32. Rhf1 Rh7 33. Kd3 Rg8
34. b3 b5 35. Ra1 Ra8 36. b4 Ra7 37. Rf2 Rg7 38. Raf1 a5 39. bxa5 Rxa5 40. Rb2
Kd6 41. Rbf2 Ra7 42. Rf6 Rh7 43. Re1 Re7 44. Kc2 Re8 45. Kb3 Ke7 46. Kb4 Rhh8
47. Ra1 Kf8 48. Ra7 (48. Kxb5 Re7 49. Kc5) 48... Re7 49. Ra8+ Kg7 50. Rxh8 Kxh8
51. Rh6+ Kg7 52. Rxh5 Rc7 53. Rh6 Rc4+ 54. Kb3 b4 55. cxb4 Rxd4 56. b5 Rc4 57.
h5 Rc1 58. Rf6 Rb1+ 59. Ka4 d4 60. h6+ Kg8 61. Rf3 e5 62. Rb3 Ra1+ 63. Kb4 Rc1
1/2-1/2

[Event "DDM A - Praga D"]
[Site "?"]
[Date "2005.02.17"]
[Round "6.6"]
[White "Steiner, Petr"]
[Black "Nemec, Jan"]
[Result "1-0"]
[WhiteElo "2021"]
[BlackElo "1883"]
[PlyCount "85"]
[EventDate "2005.??.??"]

1. d4 d5 2. c4 e6 3. Nf3 c6 4. cxd5 cxd5 5. Nc3 Bd6 6. Bg5 Ne7 7. e3 O-O 8. Bd3
f5 9. O-O Nbc6 10. Rc1 Bd7 11. a3 Rc8 12. b4 a6 13. Ne2 b5 14. Bf4 Bb8 15. Rc5
Ng6 16. Bxb8 Nxb8 17. Qc2 Rxc5 18. Qxc5 Qc8 19. Rc1 Qb7 20. Qd6 Rc8 21. h4
Rxc1+ 22. Nxc1 Qc8 23. Nb3 Be8 24. Nc5 Nf8 25. Ng5 Bf7 26. Qe7 Qe8 27. Qxe8
Bxe8 28. Ngxe6 Nxe6 29. Nxe6 g6 30. Kh2 Kf7 31. Nc5 Bd7 32. Kg3 Kf6 33. f3 Bc6
34. Kf4 h6 35. g4 g5+ 36. Kg3 fxg4 37. Kxg4 gxh4 38. Kxh4 Be8 39. Bh7 Kg7 40.
Bf5 Kf6 41. Be6 Nc6 42. Bxd5 Ne7 43. Be4 1-0

[Event "DDM A - Praga D"]
[Site "?"]
[Date "2005.02.17"]
[Round "6.7"]
[White "Hacaperka, Michal"]
[Black "Komarek, Miroslav"]
[Result "1-0"]
[WhiteElo "1915"]
[BlackElo "1957"]
[PlyCount "53"]
[EventDate "2005.??.??"]

1. e4 e5 2. Nf3 Nc6 3. Bb5 Nf6 4. O-O Nd4 $6 5. Nxd4 exd4 6. e5 Nd5 7. Re1 Bc5
8. Bc4 $3 {Hraju sice v zahajeni dvakrat stejnou figurou, ale po d3 a Jb6 bych
se musel s timto strelcem rozloucit. Dva vykricniky jsem tomuto tahu dal proto,
ze mi belopolny strelec na teto diagonale vyhral partii.} Ne7 9. d3 O-O 10. Bg5
h6 $6 {Jak ukaze prubeh partie, ukazal se tento tah jako citelne oslabeni
kralovskeho kridla.} 11. Bh4 a5 12. Nd2 {Jezdec ma krasnou cestu na pole f6.}
Rb8 13. a3 b5 14. Ba2 Bb7 $2 ({Cerny se mohl zkusit uvolnit, ale po} 14... d5
15. exd6 Bxd6 16. Ne4 {se cernemu hraje nepohodlne.}) ({Nejlepsi bylo asi} 
14... Ba7 {s pripadnym prevodem veze do obrany pres pole b6.}) 15. Qg4 a4 {
Cerny se vubec nestara o krale, ale co mel hrat?} (15... g5 16. f4 Ng6 17. fxg5
$18) (15... Kh7 16. Nb3 Bb6 17. Nxd4 $18) 16. Bf6 $1 {
Od ted se partie hraje sama.} g6 17. Bxe7 Bxe7 18. Qxg6+ Kh8 19. Qxh6+ Kg8 20.
Ne4 (20. Re4 {Domnival jsem se, ze vyhraji i po obeti kvality} Bxe4 21. Nxe4 {
ale po} Rb6 $1 {se cerny jeste drzi.}) 20... Re8 21. Qg6+ ({Mohl jsem hrat} 21.
Nf6+ Bxf6 22. exf6 Rxe1+ 23. Rxe1 {, ale po} Qf8 {jsem myslel, ze se cerny
ubrani. Mel sjem ale pocitat dal, prubeh je vynuceny az do matu.} 24. Qg5+ Kh7
25. Qh5+ Qh6 26. Qxf7+ Kh8 27. Re8+ Rxe8 28. Qxe8+ Kh7 29. Qg8#) 21... Kh8 22.
Qh5+ (22. Bxf7 {koncilo partii okamzite.}) 22... Kg7 23. Qxf7+ Kh6 24. Ng3 d5 {
Cerny konecne vyradil ze hry strelce na a2, ale ten uz svou praci odvedl. Ted
uz je to na dame s jezdcem...} 25. Qh5+ Kg7 26. Nf5+ Kf8 27. e6 {
a cerny prekrocil cas.} 1-0

[Event "Vysehrad D - DDM A"]
[Site "?"]
[Date "2005.02.21"]
[Round "7.1"]
[White "Svatos, Jan"]
[Black "Stross, Frantisek"]
[Result "1-0"]
[WhiteElo "2256"]
[BlackElo "2276"]
[Annotator "Frantisek Stross"]
[PlyCount "81"]
[EventDate "2000.12.01"]

1. e4 c5 2. Nf3 d6 3. Bc4 {Sok! Ne z sachoveho, nybrz z psychologickeho
hlediska. Cely vikend jsem si pripravoval draka a byl jsem skalopevne
presvedcen, ze to vyhraju uz v zahajeni. Podle partii v moji databazi hral
souper vzdy 3.d4.} Nf6 {Po delsim premysleni. Jen nerad jsem se loucil s
myslenkou brzke vyhry. A navic skutecnost, ze musim premyslet jiz od 3. tahu
se mi tez vubec nezamlouvala.} 4. Qe2 Nc6 5. h3 (5. c3 Bg4 6. h3 Bxf3 7. Qxf3
g6 {se hralo v partii Hausner - Cernousek, ProMoPro 2004}) 5... g6 6. O-O Bg7
7. c3 O-O 8. d4 cxd4 9. cxd4 d5 $1 {
Vyjasnuje situaci v centru a minimalne vyrovnava.} 10. exd5 Nxd5 11. Nc3 Nxc3 (
{Dlouho jsem uvazoval i moznosti} 11... Nb6 {, ale pak jsem se rozhodl pro boj
proti visicim pescum, se kterymi mam cernymi celkem dost zkusenosti z jedne
varianty sicilske s 2.c3.}) 12. bxc3 e6 13. Bb2 b6 14. Rfd1 Bb7 15. Bb3 Rc8 16.
c4 Qe7 17. Rd3 Rfd8 18. Re1 Qf8 $6 (18... Na5 $15) 19. Red1 Na5 20. Ne5 Ba6 21.
d5 exd5 22. Rxd5 Rxd5 23. Rxd5 Nxb3 {Mozna ne tak spatny tah, jak jsem si
myslel po partii. Belopolny strelec v sobe skryva netuseny potencial, coz
ukazuje napr. nasledujici varianta.} (23... Qe8 24. Qd2 Bb7 25. Nxf7 $3 {
Troufam si tvrdit, ze tento tah by nezahral zadny clovek. Pocitace to vsak
vidi (a hlavne bezchybne spocitaji) okamzite.} Qxf7 $2 (25... Bxd5) 26. Rxa5 $1
$18) (23... Bb7 $5 24. Rd7 Re8 $13) 24. axb3 {
Bily po male porade odmita moji nabidku remizy. A pravem.} Re8 25. Qd2 Bb7 26.
Nd7 Qe7 27. Bxg7 Bxd5 (27... Qe1+ $2 28. Kh2 Qxd2 29. Nf6+ Kxg7 30. Nxe8+ $18)
28. Nf6+ Kxg7 29. Nxe8+ Qxe8 30. cxd5 $1 $14 {Po vicemene vynucenych tazich
vznikla damska koncovka, ve ktre stoji bily o neco lepe diky neprijemnemu
d-pesci. Po spravne hre by to mel ale cerny bez problemu udrzet.} Qd7 31. Qd4+
f6 32. d6 Kf7 33. Qd5+ Kg7 34. b4 a6 $2 (34... a5 $1 35. b5 Kf8 $11 {a cerny vy
meni sveho pesce a za bileho pesce d. Pri partii jsem se nepochopitelne obaval
tahu} 36. Qc6 $4 {, po kterem by vsak jeste vyhral cerny!} Qxc6 37. bxc6 Ke8
$19) 35. g3 Kf8 36. g4 Kg7 $2 ({Na} 36... a5 {uz je pozde. Napr.} 37. Qd4 Qd8
38. bxa5 bxa5 39. g5 $1 a4 40. gxf6 Qd7 41. Qc5 $18) ({
Urcity odpor mohl cerny klast jeste po} 36... g5 37. Qd4 Qd8 $16) 37. Qd4 Qd8
38. g5 Kf7 39. Qc4+ Kf8 40. Qc7 Qe8 41. d7 1-0

[Event "Prebor druzstev"]
[Site "Praha"]
[Date "2005.02.21"]
[Round "7.2"]
[White "Jahoda, Ladislav"]
[Black "Vanek, Petr"]
[Result "1/2-1/2"]
[WhiteElo "2007"]
[BlackElo "2233"]
[PlyCount "72"]
[EventDate "2005.??.??"]
[WhiteTeam "DDM Praha 6 A"]
[BlackTeam "Sokol Vysehrad D"]

1. e4 e6 2. d4 d5 3. Nc3 Bb4 4. exd5 exd5 5. Bd3 Nf6 6. Bg5 O-O 7. Nge2 c5 8.
dxc5 Bxc5 9. O-O Be6 10. Kh1 Nc6 11. f4 d4 12. Ne4 Be7 13. Qe1 Nxe4 14. Bxe7
Qxe7 15. Bxe4 Rad8 16. Ng3 Qc5 17. Qf2 Rfe8 18. a3 Bd5 19. Rfe1 Bxe4 20. Nxe4
Qd5 21. Qf3 Kf8 22. Rad1 h6 23. h3 f5 24. Nd2 Qxf3 25. Nxf3 Re4 26. g3 Kf7 27.
Kg2 Kf6 28. h4 Ke6 29. Kf2 Kd5 30. Rxe4 fxe4 31. Nxd4 Nxd4 32. c3 Kc4 33. cxd4
Rxd4 34. Rc1+ Kd3 35. Rd1+ Kc4 36. Rc1+ Kd3 1/2-1/2

[Event "Vysehrad D - DDM A"]
[Site "?"]
[Date "2005.02.21"]
[Round "7.4"]
[White "Hacaperkova, Lenka"]
[Black "Janda, Pavel"]
[Result "1/2-1/2"]
[WhiteElo "1917"]
[BlackElo "2178"]
[PlyCount "85"]
[EventDate "2005.??.??"]

1. d4 Nf6 2. c4 e5 3. dxe5 Ng4 4. e3 Nxe5 5. Nh3 Bb4+ 6. Bd2 Bxd2+ 7. Qxd2 d6
8. Nf4 O-O 9. Be2 Nbd7 10. Nc3 Nf6 11. O-O h5 12. Rad1 (12. Nxh5 Nxh5 13. Bxh5
Nxc4 14. Qd5 $11) 12... b6 13. f3 h4 14. e4 Be6 15. b3 (15. Nxe6 fxe6 16. f4
Ng6 $16) 15... a6 16. Kh1 Ng6 17. Nxg6 fxg6 18. Qg5 (18. Nd5) 18... Nh5 19.
Qxd8 Raxd8 20. Rd2 Nf4 (20... g5 $11) 21. Nd5 Nxe2 22. Rxe2 Rf7 23. h3 b5 24.
cxb5 axb5 25. Rc2 c5 26. Rd1 Kf8 27. Ne3 Rc7 28. Rcd2 Rc6 29. Nd5 c4 30. bxc4
Rxc4 31. Nf4 Bf7 32. Rxd6 Rxd6 33. Rxd6 Rc1+ 34. Kh2 Bxa2 35. Rb6 Rb1 36. Nxg6+
Kg8 37. Nxh4 b4 38. Nf5 b3 39. Nd4 $2 (39. Rb8+ Kf7 40. Rb7+ Kf6 41. Nxg7 Rb2
42. f4 Re2 43. Ne8+ Ke6 44. Nc7+ Kd6 45. Nb5+ Kc5 46. Nc3 Rd2 $18) 39... Rd1
40. Nxb3 Rb1 41. Rb8+ Kh7 42. h4 Bxb3 43. Kg3 1/2-1/2

[Event "Vysehrad D - DDM A"]
[Site "?"]
[Date "2005.02.21"]
[Round "7.7"]
[White "Filipi, Stepan"]
[Black "Nemec, Jan"]
[Result "1/2-1/2"]
[WhiteElo "2102"]
[BlackElo "1883"]
[PlyCount "81"]
[EventDate "2005.??.??"]

1. e4 e5 2. Nf3 Nc6 3. Bb5 a6 4. Ba4 Nf6 5. O-O Nxe4 6. d4 exd4 $2 {
Moje oblibena varianta. Viz slavna partie Marek Vokac - Jan Nemec 0 - 1.} 7.
Re1 d5 8. Nxd4 Bd6 9. g3 $6 (9. Nxc6 Bxh2+ 10. Kh1 $1 Qh4 11. Rxe4+ dxe4 12.
Qd8+ Qxd8 13. Nxd8+ Kxd8 14. Kxh2 Be6 15. Be3 $16) 9... O-O 10. Nxc6 bxc6 $2 (
10... Qf6 11. Qd4 {Toho jsem se bal.} bxc6 12. Qxf6 Nxf6 13. Bxc6 $15 {
Nevidel jsem, ze d5 je kryty.}) 11. Bxc6 {
Ted se s tim cerny nesmi moc parat. Vb8 je jen forma kapitulace.} Nxf2 (11...
Bc5 12. Bxa8 Nxf2 13. Qxd5 Nd3+ 14. Be3 Nxe1 15. Bxc5 Nxc2 16. Nc3 Nxa1 17.
Bxf8 Qxf8 {Takhle by to hral Hiarcs}) 12. Kxf2 Qf6+ 13. Kg2 Bxg3 $1 {
Jedine tak. Za figuru mam 2 pesce a souperova krale.} 14. hxg3 Qxc6 15. c3 d4+
16. Qf3 Qb6 $2 (16... Bh3+ {Tohle jsem dost poctal a bylo to lepsi.}) 17. cxd4
{Samozrejme. Sb7 ted nic nedava.} Qxd4 18. Nc3 Rb8 19. Be3 $4 {
Dost nepochopitelna chyba od hrace s 2102 elo.} (19. Rd1 $16) 19... Rxb2+ $17 {
Samozrejme.} 20. Ne2 Qd7 21. Kg1 Bb7 22. Qh5 Qc6 23. Qh2 (23. Qh3) 23... Qc4 $2
(23... Qe4 $1 $19 24. Bd4 (24. Bf4 Rxe2 25. Rxe2 (25. Qxe2 Qh1+ 26. Kf2 Qg2+
27. Ke3 Re8+) 25... Qd4+) 24... Rxe2 25. Qxe2 Qh1+ 26. Kf2 Qg2+ 27. Ke3 Re8+)
24. Rab1 Qxa2 25. Rxb2 Qxb2 {Bily sice zjednodusil postaveni, ale stalo ho to
hodne pescu a tlak na jeho krale trva.} 26. Bd4 Qd2 27. Qf2 Qh6 28. Qh2 Qxh2+
$6 {Nevedel jsem jak dal. Koncovka ale asi vyhrat nejde.} 29. Kxh2 Re8 30. Bc3
f6 31. Kg1 Bf3 32. Nd4 Rxe1+ 33. Bxe1 Bg4 34. Bb4 Kf7 35. Kf2 h5 36. Nb3 g5 37.
Nc5 Bc8 38. Bc3 h4 39. Ne4 hxg3+ 40. Kxg3 g4 41. Nxf6 1/2-1/2

[Event "Vysehrad D - DDM A"]
[Site "?"]
[Date "2005.02.21"]
[Round "7.8"]
[White "Hacaperka, Michal"]
[Black "Dolezal, Martin"]
[Result "0-1"]
[WhiteElo "1915"]
[BlackElo "2053"]
[PlyCount "58"]
[EventDate "2005.??.??"]

1. e4 c5 2. f4 d6 3. Nf3 g6 4. Bb5+ (4. Nc3 Bg7 5. Bb5+ Bd7 6. a4 {
je jedna z teoretickych cest}) 4... Bd7 5. Bxd7+ {
Zdalo se mi, ze bez belopolnych strelcu se bude hrat bilemu lepe.} Nxd7 6. c4
Bg7 7. Nc3 e5 $6 8. g3 $6 (8. d3 exf4 9. Bxf4 Ne5 10. O-O $16 {s celkem velk
ou vyhodou bileho. Mne se ale nelibilo, ze po vzeti na e5 cerny muze dobrat
pescem a mne zbyde slaby pesec na d3.} ({napr.} 10. O-O Ne7 11. Bg5 Qd7 12.
Bxe7 Qxe7 13. Nxe5 dxe5 14. Qa4+ Kf8 15. Nd5 $16)) 8... Ne7 9. d3 O-O 10. O-O
f5 {Zdalo se mi, ze oslabuje pole e6, kam bych mohl umistit jezdce. Mozna bylo
lepe ucinit tak ihned.} 11. exf5 (11. Ng5 Rf6 12. Nd5 Nxd5 13. cxd5 {
s lepsi hrou bileho.}) 11... gxf5 12. Ng5 Rf6 13. Qf3 (13. Qh5 {
byl puvodni umysl vymeny na f5. Ale jak dal po h6?} h6 14. Nf3 {
s rovnou hrou. Bily se muze snazit o utok na krale.}) 13... h6 14. Nh3 (14. Nd5
hxg5 (14... Nxd5 $2 15. Qxd5+) 15. Nxf6+ Nxf6 16. fxg5 Nd7 17. Qxb7 $13 {
s kompenzaci za figuru. Ale asi moc riskantni.}) 14... Qc7 15. Bd2 Qc6 16. Qxc6
bxc6 {Byl jsem docela spokojen, cerny ma nakonec v teto variante tradicniho
dvojpesce. Pokud postoupi v centru, bude mit slabinu na c5 napadnutelnou
strelcem a jezdcem. Ale protoze se mi dnes nehralo dobre a mel jsem spatny cas,
nabidl jsem remizu, kterou cerny odmitl.} 17. Rae1 ({lepsi je asi} 17. fxe5
dxe5 18. Be3 Rb8 19. Na4 {porad s krasnou hrou bileho.}) 17... Ng6 18. Nd1 {
s myslenkou na e3 a pak po vymene na e5 sebrat na f5.} (18. b3 Rff8 19. fxe5
Ndxe5 20. Re3 {s komplikovanou hrou.}) 18... d5 19. Ndf2 $2 (19. Ne3 d4 20. Ng2
{A po vymene na e5 muzu vyuzit pole f4 pro jezdce s dobrou hrou. Dostaval jsem
se ale do casove tisne a zalekl jsem se d4.}) 19... e4 20. Bc3 {
Bila pozice se strasne znehybni.} (20. dxe4 {lepsi asi} fxe4 21. Ng4 Rf7 {
ale i tak ma cerny volne dva centralni pesce a stoji mnohem lepe.}) 20... d4
21. Ba5 e3 22. Nd1 {Nyni mi na 8 tahu zbyvala minuta, ale i kdyz ma cerny
jasnou pozicni prevahu, pozice je blokovana a snad by se da i udrzet. Casovou
tisen bych mohl prezit, protoze mam par jasnych tahu a cerny se nemuze
prosadit pres centrum.} Rf7 23. Re2 Bf6 24. b3 Kf8 25. Kg2 Ke7 26. Nb2 Kd6 27.
Ng1 Rg8 28. Nf3 $4 {s visicim praporkem, cerny vsal vzal az na podruhe.} h5 29.
h4 Nxf4+ 0-1

[Event "DA D - DDM A"]
[Site "?"]
[Date "2005.02.28"]
[Round "8.1"]
[White "Ptacnik Petr"]
[Black "Stross Frantisek"]
[Result "0-1"]
[WhiteElo "2115"]
[BlackElo "2276"]
[Annotator "Frantisek Stross"]
[PlyCount "58"]
[EventDate "2000.12.01"]

1. e4 c5 2. Nf3 e6 3. d4 cxd4 4. Nxd4 Nf6 5. Bd3 {
Tento tah jsem pri priprave podcenil.} ({Spis jsem ocekaval} 5. Nc3 Nc6 6. Nxc6
bxc6) 5... Nc6 {Tento tah spolehlive vyrovnava, mozna je i nejlepsi, ale
naprosto nevhodny ke hre na vyhru.} ({Paulsenovske a Scheveningske vystavby po
} 5... a6) ({nebo} 5... d6 {vsak nemam za cerneho moc obehrane.}) 6. Nxc6 dxc6
({Na} 6... bxc6 7. O-O d5 {
se mi nelibi, ze bily muze pozici na muj vkus az moc zjednodusit pozici po} 8.
Nd2 {s dalsim c4.}) 7. O-O e5 8. a4 Be6 9. Qe2 Nd7 10. Bc4 Bxc4 11. Qxc4 Bc5 {
Provokuji k nasledujicimu vypadu pescem. Treba se urcite oslabeni damskeho
kridla bude nekdy hodit.} 12. b4 {=} Be7 {
Mozna stojim i o trochu hur, ale souperovu nabidku remizy jsem odmitl.} 13. Be3
(13. Rd1) 13... O-O (13... Bg5) 14. Nd2 ({Po} 14. Rd1 {bych nemohl provest
nasledujici vyhodnou vymenu strelcu, proto jsem to mel hrat uz o tah drive.})
14... Bg5 15. Bxg5 Qxg5 16. Nf3 Qe7 17. Rfd1 Rfd8 18. a5 a6 19. c3 (19. Rd3 {
s nasledujicim zdvojeni vezi muselo vest nevyhnutelne k remize.}) 19... Nf6 20.
Qe2 c5 {Viz. poznamka k 11. tahu. Stale se vsak nic nedeje.} 21. Rxd8+ Rxd8 22.
Rb1 Qd6 23. Kf1 $6 {Zacatek spatneho planu.} h6 24. Ke1 $2 {
A to uz je vylozene chyba.} cxb4 25. cxb4 Qc6 26. Nd2 $2 {
Bily byl uz v silne casove tisni. Jeste nejlepsi byl navrat krale po} (26. Kf1)
26... Qc3 $19 27. f3 Rd4 28. Rb3 Qc2 29. Qd1 Rxd2 {1:29 1:05} 0-1

[Event "DA D - DDM A"]
[Site "Praha"]
[Date "2005.02.28"]
[Round "8.2"]
[White "Jahoda, Ladislav"]
[Black "Masek, Jan"]
[Result "1/2-1/2"]
[WhiteElo "2007"]
[BlackElo "2040"]
[PlyCount "77"]
[EventDate "2005.??.??"]
[WhiteTeam "DDM Praha 6 A"]
[BlackTeam "SK DA Praha D"]

1. e4 e5 2. f4 d5 3. exd5 e4 4. d3 Nf6 5. dxe4 Nxe4 6. Nf3 Bc5 7. Qe2 Bf2+ 8.
Kd1 Qxd5+ 9. Nfd2 f5 10. Nc3 Qd4 11. Ncxe4 fxe4 12. Qxe4+ Qxe4 13. Nxe4 Bg4+
14. Be2 Bxe2+ 15. Kxe2 Bd4 16. Rd1 Nc6 17. c3 Bb6 18. Be3 O-O 19. Bxb6 axb6 20.
g3 Rae8 21. Kd3 Re7 22. Re1 Rfe8 23. Re2 b5 24. Rae1 b4 25. Nc5 Rxe2 26. Rxe2
Ra8 27. b3 bxc3 28. Kxc3 b6 29. Ne6 Re8 30. f5 Rc8 31. g4 h6 32. h3 Kf7 33. Re4
Ne7 34. Rd4 g6 35. Rd7 gxf5 36. gxf5 Ke8 37. Rd4 Nxf5 38. Rf4 Ke7 39. Rxf5
1/2-1/2